Chaos for engineers : (Record no. 175558)

000 -LEADER
fixed length control field 01014 a2200229 4500
003 - CONTROL NUMBER IDENTIFIER
control field Nust
005 - DATE AND TIME OF LATEST TRANSACTION
control field 20230828083635.0
010 ## - LIBRARY OF CONGRESS CONTROL NUMBER
LC control number 99053340
020 ## - INTERNATIONAL STANDARD BOOK NUMBER
Terms of availability 3540665749 (softcover : alk. paper)
040 ## - CATALOGING SOURCE
Transcribing agency Nust
082 00 - DEWEY DECIMAL CLASSIFICATION NUMBER
Classification number 621.38045,KAP
100 1# - MAIN ENTRY--PERSONAL NAME
Personal name Kapitaniak, Tomasz.
9 (RLIN) 96914
245 10 - TITLE STATEMENT
Title Chaos for engineers :
Remainder of title theory, applications, and control /
Statement of responsibility, etc. Tomasz Kapitaniak.
250 ## - EDITION STATEMENT
Edition statement 2nd rev. ed.
260 ## - PUBLICATION, DISTRIBUTION, ETC.
Place of publication, distribution, etc. Berlin ;
-- New York :
Name of publisher, distributor, etc. Springer,
Date of publication, distribution, etc. c2000.
300 ## - PHYSICAL DESCRIPTION
Extent xii, 142 p. :
Other physical details ill. ;
Dimensions 23 cm.
505 ## - FORMATTED CONTENTS NOTE
Formatted contents note Response of a Nonlinear System (Page-1), Continuous Dynamical Systems (Page-5), Discrete Dynamical Systems (Page-39), Fractals (Page-53), Routes to Chaos (Page-69), Applications (Page-87), Controlling Chaos (Page-111).
650 #0 - SUBJECT ADDED ENTRY--TOPICAL TERM
Topical term or geographic name entry element Telecommunication Engineering.
856 42 - ELECTRONIC LOCATION AND ACCESS
Materials specified Publisher description
Uniform Resource Identifier <a href="http://www.loc.gov/catdir/enhancements/fy0815/99053340-d.html">http://www.loc.gov/catdir/enhancements/fy0815/99053340-d.html</a>
856 42 - ELECTRONIC LOCATION AND ACCESS
Materials specified Table of contents only
Uniform Resource Identifier <a href="http://www.loc.gov/catdir/enhancements/fy0815/99053340-t.html">http://www.loc.gov/catdir/enhancements/fy0815/99053340-t.html</a>
942 ## - ADDED ENTRY ELEMENTS (KOHA)
Koha item type Reference
Source of classification or shelving scheme
Holdings
Withdrawn status Lost status Source of classification or shelving scheme Damaged status Not for loan Permanent Location Current Location Shelving location Date acquired Full call number Barcode Date last seen Price effective from Koha item type Public note
          Military College of Signals (MCS) Military College of Signals (MCS) Reference 12/12/2016 621.38045,KAP MCS28307 12/08/2016 12/12/2016 Reference Almirah No.21, Shelf No.2
© 2023 Central Library, National University of Sciences and Technology. All Rights Reserved.